[Event "Roncana op-B 13th"]
[Site "Santa Eulalia de Roncana"]
[Date "2019.11.30"]
[Round "8"]
[White "Batalle Mompart, Carles"]
[Black "Martin Rull, Enric Xavier"]
[Result "1-0"]
[WhiteElo "1508"]
[BlackElo "1700"]
[PlyCount "75"]
[EventDate "2019.09.28"]
[EventType "swiss"]
[EventRounds "8"]
[EventCountry "ESP"]
[SourceTitle "CBM 193 Extra"]
[Source "ChessBase"]
[SourceDate "2020.01.31"]
[SourceVersion "1"]
[SourceVersionDate "2020.01.31"]
[SourceQuality "1"]

1. d4 e6 2. c4 Nf6 3. Nf3 d5 4. Nc3 Bb4 5. e3 c5 6. a3 Bxc3+ 7. bxc3 cxd4 8. cxd4 Ne4 9. Bd3 Qa5+ 10. Bd2 Nxd2 11. Qxd2 Qxd2+ 12. Nxd2 dxc4 13. Nxc4 0-0 14. 0-0 Bd7 15. Ne5 Rd8 16. Rab1 Nc6 17. Nc4 b6 18. Be4 Rac8 19. Nd6 Rb8 20. Rfc1 Ne7 21. Rc7 Ba4 22. Rxa7 Rxd6 23. Rxa4 Nd5 24. Bxd5 Rxd5 25. Rab4 g6 26. Rxb6 Rxb6 27. Rxb6 Ra5 28. Rb3 Kf8 29. Kf1 Ke7 30. Ke2 Kd6 31. Kd3 Kd5 32. e4+ Kd6 33. Kc3 e5 34. d5 f5 35. f3 f4 36. Rb6+ Kc5 37. Rc6+ Kb5 38. Kb3 1-0